Letters in TV Show Titles A-Z Quiz Stats

 Plays Quiz Updated Nov 13, 2015

Also try: TV Title Meanings
Challenge
Share
Tweet
Embed
Score 0/26 Timer 02:00
6 Plays Today
TV Show Missing Letter % Correct
_*A*S*H???
93.5%
The _-Files???
93.4%
The _-Team???
93.3%
_.S.I: Miami???
93.2%
_2O: Just Add Water???
93.2%
_YPD Blue???
92.9%
Magnum, _.I.???
90%
The _.C.???
83%
_R???
79.6%
The _T Crowd???
78.5%
Dragon Ball _???
78.1%
_AG???
75.6%
_.J. Hooker???
70.8%
TV Show Missing Letter % Correct
Stargate _G-1???
66.9%
_KRP in Cincinnati???
66.9%
Da Ali _ Show???
66.6%
Gomer Pyle, _.S.M.C.???
62%
Kyle X_???
61%
The _ Word???
56.9%
_ Troop???
50.9%
_.J. and the Bear???
47.2%
The Real Housewives of _.C.???
22.5%
_.E.D.???
21.1%
_ (Letter is the name of the show)???
20.4%
_.C. Undercover???
19.3%
Elizabeth _???
13.8%

You're not logged in!

Compare scores with friends on all Sporcle quizzes.
Join for Free
OR
Log In

You Might Also Like...

Show Comments

Extras

Top Quizzes Today


Score Distribution

Your Account Isn't Verified!

In order to create a playlist on Sporcle, you need to verify the email address you used during registration. Go to your Sporcle Settings to finish the process.

Report this User

Report this user for behavior that violates our Community Guidelines.

Details: